Statistics for Metropolitan Line Stations - With Map

Click here to take the quiz!

General Stats

  • This quiz has been taken 539 times
  • The average score is 25 of 35

Answers on the Map

Answers color-coded by a green-red scale on the quiz's map according to % correct below.
 

Answer Stats

Station% Correct
Baker Street
87%
Aldgate
86%
Amersham
86%
Uxbridge
85%
Watford
85%
King's Cross St. Pancras
84%
Chesham
83%
Liverpool Street
81%
Barbican
79%
Harrow-on-the-hill
79%
Euston Square
77%
Farringdon
77%
Moorgate
77%
Ruislip
77%
Wembley Park
76%
Great Portland Street
75%
Finchley Road
72%
Rickmansworth
70%
Hillingdon
68%
Chalfont & Latimer
67%
Ickenham
65%
Ruislip Manor
65%
Croxley
64%
North Harrow
64%
Pinner
64%
Northwood
63%
West Harrow
62%
Northwick Park
61%
Rayners Lane
61%
Moor Park
60%
Northwood Hills
60%
Chorleywood
58%
Eastcote
58%
Preston Road
58%
Willesden Green
30%

Score Distribution

Percentile by Number Answered

Percent of People with Each Score

Your Score History

You have not taken this quiz